| 000 | 00656nam a2200193 a 4500 | ||
|---|---|---|---|
| 001 | BRCA_1082 | ||
| 005 | 20190320203254.0 | ||
| 008 | 741014s1986 mx-a---##b---#000-0#spa-# | ||
| 050 | 4 |
_aNB253 _b.M67 1986 |
|
| 100 | 1 |
_aMoreno Villa, José _d1887-1955 _93561 |
|
| 245 | 1 | 0 |
_aLa escultura colonial mexicana _cJosé Moreno Villa. |
| 260 |
_aMéxico _bFCE _c1986 |
||
| 300 |
_a110 p. _bil. _c24 cm. |
||
| 500 | _aIncluye índice de ilustraciones, índice de lugares, índice de autores, índice de láminas y apéndice | ||
| 504 | _aBibliografía: p. 85-87 | ||
| 650 | 1 | 4 |
_aEscultura _zMéxico _93562 |
| 650 | 1 | 4 |
_aArte cristiano y simbolismo _92565 |
| 942 |
_2lcc _cB |
||
| 999 |
_c961 _d961 |
||